Представление документа в формате RUSMARC

ПолеНазваниеЗначение
  Тип записи a
  Библиографический уровень a
001 Контрольный номер RU/CBS_UL/BASE/905a84972d3d417a8eaf41328f9ce127
005 Дата корректировки 20260407102836.1
100 Данные общей обработки __
a Данные общей обработки 20260407 ||| 0rusy0189 ca
101 Язык документа 0_
a Язык текста rus
102 Страна публикации __
a Страна публикации RU
200 Заглавие и сведения об ответственности 1_
a Заглавие Шёл однажды дед Егор...
e Сведения, относящиеся к заглавию [стихотворение]
f Первые сведения об ответственности А. Горляк
300 Общие примечания __
a Общие примечания 6+
461 Уровень набора _0
1 2000
a Детское чтение для сердца и разума
463 Уровень физической единицы _0
1 2000
a № 3
v С. 28-29
1 2101
d 2026
1 001RU/CBS_UL/BASE/b03c8610d5af4dbb966f945da959f242
606 Тематические рубрики 0_
a Основная рубрика Российская детская литература, 21 в.
610 Ключевые слова 0_
a Ключевые слова российская детская литература; детская литература; детская поэзия; поэзия; детские стихи
686 Индексы других классификаций __
a Классификационный индекс 84(2Рос=Рус)6
700 Автор _1
a Фамилия Горляк
b Имя (инициалы) А.
801 Источник записи _0
a Страна RU
b Организация МБУК ЦБС г. Ульяновска
c Дата составления 20260407
g Правила каталогизации RCR
801 Источник записи _1
a Страна RU
b Организация МБУК ЦБС г. Ульяновска
c Дата составления 20260407
g Правила каталогизации RCR
901 Тип документа __
t Тип документа b
w Контрольный № источника RU/CBS_UL/BASE/b03c8610d5af4dbb966f945da959f242
909 Создатель записи __
a Создатель записи mbo